| 000 | 01131cam a2200313 a 4500 | ||
|---|---|---|---|
| 003 | XX-XxUND | ||
| 005 | 20241220112445.0 | ||
| 008 | 020410t20001987nyua c 000 1 eng d | ||
| 001 | in900077422 | ||
| 010 | _z97226680 | ||
| 020 |
_a0399236295 (pbk.) : _c$12.99 |
||
| 035 | _a(Sirsi) i9780399236297 | ||
| 040 |
_aIngram _cIngram |
||
| 050 | 4 |
_aPZ7.J5317 _bNg 2000 |
|
| 082 | 0 | 4 |
_a[Fic] _221 |
| 082 | _aJAC | ||
| 092 | _aJAC | ||
| 100 | 1 |
_aJacques, Brian. _923887 |
|
| 245 | 1 | 0 |
_aRedwall / _cBrian Jacques ; illustrated by Troy Howell. |
| 250 | _a1st American trade pbk. ed. | ||
| 260 |
_aNew York : _bPhilomel Books, _c2000, 1987. |
||
| 300 |
_a351 p. : _bill. (some col.) ; _c24 cm. |
||
| 500 | _aA tale of Redwall. | ||
| 520 | _aWhen the peaceful life of ancient Redwall Abbey is shattered by the arrival of the evil rat Cluny and his villainous hordes, Matthias, a young mouse, determines to find the legendary sword of Martin the Warrior which, he is convinced, will help Redwall's inhabitants destroy the enemy. | ||
| 700 | 1 |
_aHowell, Troy, _95379 |
|
| 942 |
_cBOOK _0120 |
||
| 979 | _a384195 | ||
| 998 | _aa50082 | ||
| 999 |
_c24204 _d24204 |
||